Estadísticas para Cultura general científica.

Haz click aquí para intentar la prueba.

Estadísticas generales

  • Esta prueba ha sido intentada 75 veces
  • La puntuación promedio es 6 de 15

Estadísticas de respuestas

PreguntaRespuesta% Correcto
¿Quién postuló las leyes del movimiento?Isaac Newton
78%
¿Qué cordillera "separa" Europa de Rusia?Urales
69%
¿Cuántas caras tiene un icosaedro?20
66%
¿A qué neurotransmisor se le conoce como la hormona de la felicidad?Serotonina
63%
¿Cómo se conoce comúnmente al peróxido de hidrógeno?Agua oxigenada
62%
¿Qué nombre recibe la sucesión 1,1,2,3,5,8,13,21...?Fibonacci
52%
¿Qué nombre recibe la roca fundida que contiene gases y sólidos?Magma
52%
¿Cuál es el río más ancho del mundo?Río de la Plata
29%
Si usamos un papel tornasol, ¿qué estamos midiendo?pH
25%
¿Qué vitamina tiene por nombre Niacina?B3
22%
¿Cuál es el metal más caro del mundo?Rodio
20%
¿Qué pasó el 20 de julio de 1969?Alunizaje del Apolo 11
12%
Este "medio de transporte" es usado en Interstellar para viajar a velocidades cercanas a la de la luz. ¿De cuál se trata?Agujeros de gusano
9%
¿Qué conocemos como hallux?Dedo gordo del pié
8%
Warren McCulloch y Walter Pitts crearon la primera _______ _______ de la historia, registrada en 1943.Inteligencia artificial
3%

Distribución de puntuación

Porcentaje por número respondido

Porcentaje de gente con cada puntuación

Historial de tus puntuaciones

No has intentado esta prueba.